Письмо Петра Саломона к Ивану Давыдовичу Делянову с приложением записки о передаче Александровского лицея в ведение Министерства...

Доступно только в Электронных читальных залах Найти на картеНа карте
RUSMARC
00004005nmc2a22000003x 450
00133659abd-a9f4-4d8c-afae-0bd256d0fb36
00520210217154005.0
100##$a20190724l18851885k l0rusy0189 ca
1010#$arus
102##$aRU
2001#$aПисьмо Петра Саломона к Ивану Давыдовичу Делянову с приложением записки о передаче Александровского лицея в ведение Министерства внутренних дел
$j9 января 1885 г.
251##$cДело
300##$aПисьма разных лиц к И.Д. Делянову
801#0$aRU
$bРГИА
$c20190724
$gRCR
801#1$aRU
$bГлавНИВЦ
$c20190724
$2rusmarc
801#2$aRU
$bПБ им. Б.Н. Ельцина
$c20210217
$gRCR
$2rusmarc
850##$aРГИА
852##$aРГИА
$eФедеральное казенное учреждение "Российский государственный исторический архив" (РГИА)
$j533
937##$hРГИА
$d12275924
$aASBIBLIO_SCAN
462#0$10013dfa799b-3a50-4673-b3be-8a348f2dcc4f
$12001
$aЛичные, служебные и имущественные документы И. Д. Делянова. Переписка И. Д. Делянова и членов его семьи. Служебная переписка директора Департамента народного просвещения Н. М. Аничкова
$1251
$cОпись
$1852
$j1
461#0$100199155341-bdc0-4986-8135-aafdb775052f
$12001
$aДелянов Иван Давыдович, граф, статс-секретарь, управляющий делами Секретного комитета о раскольниках, попечитель учебного округа, директор Публичной библиотеки, министр народного просвещения
$1251
$cФонд
$1852
$j1604
215##$a3 л.
$d32х23 см
371##$aДокумент не является опубликованным и широко распространяемым
105##$ay###
1220#$ad
035##$a33659abd-a9f4-4d8c-afae-0bd256d0fb36
856##$uhttp://readingroom.main.prlib.ru/item.aspx?id_node=n157373944&mode=full
Формат отображения